000 01274cam a2200433 4500
001 J11609
008 000000n2001 000 0 eng u
035 _a(Sirsi) u118620
050 _a306.3120212
110 _aEuropean Mortgage Federation
_93838
245 _aHypostat 1990-2000: mortgage and property markets in the European Union and Norway : comparison and trends.
260 _aBrussels
_bEuropean Mortgage Federation
_c2001
300 _aca.160p.
_bill.
_c30cm.
520 _aProvides a consistent basis comparing annual data on various aspects relating to the housing and mortgage markets in Europe for the period 1990-2000
650 _aMORTGAGES
650 _aEUROPE
650 _aSTATISTICS
650 _aRESIDENTIAL PROPERTY
_96266
650 _aPROPERTY-COMMERCIAL PROPERTY
650 _aPROPERTY MARKETS
650 _aBELGIUM
650 _aDENMARK
650 _aGERMANY
650 _aGREECE
650 _aSPAIN
650 _aFRANCE
650 _aIRELAND
650 _aITALY
650 _aNETHERLANDS
650 _aLUXEMBOURG
650 _aAUSTRIA
650 _aPORTUGAL
650 _aFINLAND
650 _aSWEDEN
650 _aUNITED KINGDOM
650 _aNORWAY
690 _aHOUSING-HOUSING FINANCE
942 _n0
999 _c102153
_d102153